000 02187nam a2200313 i 4500
001 Rebiun37636527
008 250205s2024 spc||||j |||| 0|0 f spa|
015 _aLL2025
_2bnc
017 _aDL B 14256-2024,
_bBiblioteca de Catalunya
020 _a9788410399013
040 _aES-BaBC
_bEnglish
_erda
_cES-BaBC
041 1 _aSpanish
_hGerman
100 _aTack, Stella
_eauthor
_925845
240 1 0 _aTöte die Dunkelheit.
_lSpanish
245 1 0 _aMuerte a la oscuridad
_c/ Stella Tack ; translated by Lidia Pelayo
264 1 _aBarcelona :
_bInlov,
_c[2024]
300 _a601 pages;
_c21 cm
490 1 _aBlack Bird Academy ;
_v1
500 _aStella Tack was born in 1995 in Mü nster and grew up in Bad Gastein, Austria. After completing her high school studies and training as a therapist, she began a prolific career as a fantasy and romance author. She currently has seventeen published books and has received several awards. Among them, the LovelyBooks Award for Best Fiction Book for Kiss Me Once in 2019 and Kiss Me Twice in 2020 stand out. More recently, in 2023, the LovelyBooks community awarded her the prize for Best Young Adult Book for Ever & After. Today, she is one of the most popular authors in Germany.
520 _aBlack Bird Academy is no ordinary place. In this shadowy school, exorcists are trained to defend humanity from demons. When Leaf Yung awakens in a dungeon beneath Black Bird Academy, she can scarcely believe what the striking young man, Falco, tells her: that a demon possessed her moments after driving a dagger into her heart.
520 _aLa Academia Black Bird no es un lugar cualquiera. En esta escuela sombría se forman exorcistas para defender a la humanidad de los demonios. Cuando Leaf Yung despierta en un calabozo bajo la Academia Black Bird, apenas puede creer lo que le dice el apuesto joven Falco: un demonio la poseyó justo después de clavarle un puñal en el corazón.
650 0 _aExorcism
_vFiction
650 0 _aDemons
_vFiction
650 0 _aMagic
_vFiction
_924059
655 0 _aParanormal fiction
_922925
655 0 _aFantasy fiction
_922510
700 _aPelayo, Lidia,
_etranslator
_925848
942 _2lcc
999 _c4903
_d4903